00772nam a2200241 a 450000100060000000300080000600500170001400800410003102000150007203500190008704000270010604100080013308200240014110000230016524500760018826000430026430000330030749000560034050000200039665000160041665000420043283000560047468709BD-RjUL20211209081812.0170405s1975 ilua 001 0 eng d a0256016720 a(BD-RjUL)68919 aDLCcDLCdBD-RjULbeng aeng00223a519.5bSPB 19751 aSpirer, Herbert F.10aBusiness statistics :ba problem-solving approach /cHerbert F. Spirer. aHomewood, Ill. :bR. D. Irwin,cc1975. axv, 384 p. :bill. ;c24 cm.0 aIrwin series in quantitative analysis for business. aIncludes index. 0aStatistics. 0aStatisticsxProblems, exercises, etc. aIrwin series in quantitative analysis for business.